000 00410nam a2200181Ia 4500
001 3426
005 20260306145642.0
008 260306t1998||||xx |||||||||||||| ||spa||
041 _aESP
082 _a276
_bZ913
100 _aZagheni, Guido
_eAUT
245 0 _aLa edad contemporánea
260 _c1998
300 _a453 páginas :
_c21 cm.
650 _aGEN
654 _aCHU
942 _cLIB
_dJUS
_fJUS
_2ddc
_n
999 _c3426
_d3426